Culture Générale - Série 819 - Statistiques

Statistiques générales
  • Ce quiz a été pris 152 fois
  • Le résultat moyen est 7 sur 10
Statistiques - réponses
Question Réponse % Correct
Dans quel pays d'Europe est né le peintre René Magritte ? Belgique
93%
Pour quel pays Marie Myriam a-t-elle gagné le Concours Eurovision de la Chanson avec "L'Oiseau et l'enfant" en 1977 ? France
93%
Dans le dessin animé "Pinocchio" de Walt Disney, quel animal dont-on dit qu'il est rusé, est Grand Coquin ? renard
86%
Quel mois de l'année est marqué par l'organisation de la manifestation intitulée : “Nuits des étoiles” ? août
85%
A quelle partie du corps se rapporte l'adjectif "pectoral" ? poitrine
84%
Dans quel film de 1986, Tom Cruise interprète-t-il le rôle de Maverick, un fougueux pilote de chasse ? Top Gun
80%
En science-fiction, quel nom dérivé du tchèque désigne depuis 1920 une machine à l'aspect humain, capable de parler et de bouger ? robot
78%
Le gavial vit dans les eaux du Gange, c'est une espèce de ... crocodile
51%
Quel nom porte l'insigne en forme de petite rose arboré par les officiers de la Légion d'honneur ? rosette
40%
Quelle série de BD créée par Cauvin et Salvérius met en scène le sergent Chesterfield et le caporal Blutch ? Les Tuniques bleues
38%
Aucun quiz correspondant
Distribution des résultats
% des personnes avec chaque résultat
Percentile par nombre de réponses
Votre historique - résultats
Vous n’avez pas pris ce quiz